000
00434nam a2200169Ia 4500
008
090711s9999 xx 000 0 und d
082
_b
42628
100
_a
बंड श्याम
245
_a
हंसणावळ
260
_c
1980
300
_a
116
600
_a
बंड श्याम
630
_a
हंसणावळ
700
_a
बंड श्याम
730
_a
हंसणावळ
942
_c
BOOK
999
_c
299061
_d
299061